000 01093cam a22003257a 4500
003 CHAP
005 20220329141329.0
008 971013s r 00010 d
010 _a66504
011 _a67476
035 _a76946
040 _cCHAP
090 _aFolleto 12196
100 0 0 _aMendoza Ramírez, Manuel.
_974727
245 1 3 _aLa aplicación de mezclas de fertilizantes químicos y compostas en hortalizas
260 _aMéxico :
_bUNAM. Facultad de Ciencias Departamento de Matemáticas,
_c[198?]
300 _a23 h.
490 0 _aVinculo matemàtico. Técnica e investigación
500 _a28-116
590 _aBATCH-UPD
_b10
_c20130110
_lUCH01
_h0711
590 _aBATCH-UPD
_b10
_c20130410
_lUCH01
_h0357
590 _aBATCH-UPD
_b10
_c20130914
_lUCH01
_h1020
590 _aCONVERSION
_b10
_c20130109
_lUCH01
_h1337
650 1 4 _aCompost.
_926105
650 1 4 _aFertilizantes
_xEfecto en legumbres.
_940521
830 0 _aVinculo matemàtico. Técnica e investigación
_9119837
901 _aBK
942 _cFOLL
949 _aFolleto 12196
_bBC
_cFOLL
_d-29805
_eTS1
_i76946
_si
999 _c66504
_d66504